000 00615nam a2200193Ia 4500
003 GCL
008 140319s9999 xx 000 0 ara d
040 _aGCL /
_cGCL
082 0 4 _aم
_b412
_bم م
100 1 _aمحمد العدنانى
245 1 0 _aمعجم الاخطاء الشائعة /
_cمحمد العدنانى
300 _a359 ص
650 0 4 _aاللغة العربية
650 0 4 _aالمعاجم
650 0 4 _aاللغة العربية - المعاجم
650 0 4 _aاللغة العربية - قواعد الاملاء
650 0 4 _aاللغة العربية - اخطاء
942 _2ddc
_cREF
999 _c59666
_d59666